Athletic Club Squad 2022-2023 - Statistics

General Stats
  • This quiz has been taken 176 times
  • The average score is 17 of 25
Answer Stats
# Position Nation Player % Correct
9 FW Ghana Iñaki Williams
100%
11 FW Spain Nico Williams
100%
1 GK Spain Unai Simón
96%
4 DF Spain Iñigo Martínez
86%
10 FW Spain Iker Muniain
85%
14 MF Spain Dani García
83%
22 FW Spain Raúl García
79%
17 DF Spain Yuri Berchiche
79%
18 DF Spain Óscar de Marcos
74%
5 DF Spain Yeray Álvarez
73%
7 FW Spain Álex Berenguer
71%
8 MF Spain Oihan Sancet
69%
- Coach Spain Ernesto Valverde
68%
21 DF Spain Ander Capa
60%
23 MF Spain Ander Herrera
60%
3 DF Spain Dani Vivian
60%
6 MF Spain Mikel Vesga
58%
13 GK Spain Julen Agirrezabala
56%
24 DF Spain Mikel Balenziaga
56%
15 DF Spain Iñigo Lekue
55%
20 FW Spain Asier Villalibre
54%
12 FW Spain Gorka Guruzeta
54%
16 MF Spain Unai Vencedor
54%
2 FW Spain Jon Morcillo
43%
19 MF Spain Oier Zarraga
43%
No matching quizzes found
Score Distribution
Percent of People with Each Score
Percentile by Number Answered
Your Score History
You have not taken this quiz